<?xml version="1.0" encoding="UTF-8"?>
<marc:record xmlns:marc="http://www.loc.gov/MARC21/slim">
   <marc:leader>00000nam a2200000 a 4500</marc:leader>
   <marc:datafield ind1="0" ind2="0" tag="245">
      <marc:subfield code="a">Bestehende: 1.) In dem Anfang einer Erzehlung von einer Reise aus Egypten nach dem gelobten Lande; Dann 2.) In einer kurtzen Beschreibung der Stadt Halle</marc:subfield>
   </marc:datafield>
   <marc:datafield ind1="0" ind2="0" tag="245">
      <marc:subfield code="b">ferner 3.) In einer Fortsetzung der Beschreibung des Chinesischen Reichs und seiner Herrlichkeit; ingleichen 4.) In einer Fortsetzung des Türckischen Alcorans. Meistentheils in anmuthigen Gesprächen vorgestellet</marc:subfield>
   </marc:datafield>
   <marc:datafield ind1=" " ind2="1" tag="264">
      <marc:subfield code="c">1721</marc:subfield>
   </marc:datafield>
   <marc:datafield ind1=" " ind2=" " tag="250">
      <marc:subfield code="a">[Bindeeinheit]</marc:subfield>
   </marc:datafield>
   <marc:datafield ind1="1" ind2=" " tag="520">
      <marc:subfield code="a">Unvollständig, mit Überklebungen auf Seite 85, Stempel am Titelbl. des ersten Werkes, Bibliothek der P.P. Kapuziner Scheibbs; Frontispiz (Kupferstich) von Halle, ill. Initialen und Zierkupferstiche im Text; brauner Ledereinband auf Buchdeckeln aus Holz, Leder der Buchdeckel mit Linien verziert, Buchrücken mit 4 Bünden, Linienverzierungen ober- und unterhalb der Bünde und Signaturschild "L", rot gesprenkelte Schnittkante.</marc:subfield>
   </marc:datafield>
   <marc:datafield ind1=" " ind2=" " tag="041">
      <marc:subfield code="a">ger</marc:subfield>
   </marc:datafield>
   <marc:datafield ind1="0" ind2=" " tag="490">
      <marc:subfield code="v">1,2.</marc:subfield>
   </marc:datafield>
   <marc:datafield ind1=" " ind2=" " tag="300">
      <marc:subfield code="a">[1] Bl., S. [45] - 85 : Ill.</marc:subfield>
   </marc:datafield>
</marc:record>
